00818cam a22002411 450000100060000000300080000600500170001400800410003103500190007204000350009104100080012608200240013410000490015824500520020726000330025930000210029250400260031365000310033965000340037094200120040499900170041695201430043362355BD-RjUL20211209081055.0170123s1956 sz 000 0 eng d a(BD-RjUL)62481 aBD-RjULcBD-RjULdBD-RjULbeng aeng 223a723.3bMAI 19561 aMayer, L. A.q(Leo Ary),d1895-1959.918547410aIslamic architects and their works /cL A Mayer aGenève,bA. Kundig,c1956. a183 p. ;c27 cm. aIncludes bibliography 0aMuslim architects.9185475 0aIslamic architecture.9185476 2ddccBK c62355d62355 00102ddc40718NFICaRUCLbRUCLcReadingd1962-11-23eFaruqe libraryg50.00l0o723.3 MAI 1956r2017-01-23 00:00:00tC-1w2017-01-23yBK